00465nam a22001572 4500001001100000005001700011008004100028040001500069110005400084245005900138250001300197260003700210300001100247651004600258852000300304000001174220151217155846.0090106s xx 000 0 eng d aKABUcKABU2 aJoint East and Central African Board.@000016774110aRelations in industry and commerce /cJ. E. & C. A. B. a1st ed. aLondon :bJ. E. & C. A. B.,c[?] a26 p. 0aAfrica, EastxRace relations.@00001677421